| 000 | 00715nam a2200253 a 4500 | ||
|---|---|---|---|
| 001 | 61050 | ||
| 003 | BD-RjUL | ||
| 005 | 20211209080921.0 | ||
| 008 | 170114s1981 nyuaf b 001 0 eng d | ||
| 020 | _a007054672X | ||
| 035 | _a(BD-RjUL)61174 | ||
| 040 |
_aDLC _cDLC _dDLC _beng |
||
| 041 | _aeng | ||
| 082 | 0 | 0 |
_a303.4834 _223 _bSAC 1981 |
| 100 | 1 |
_aSanders, Donald H. _9182191 |
|
| 245 | 1 | 0 |
_aComputers in society / _cDonald H. Sanders. |
| 250 | _a3d ed. | ||
| 260 |
_aNew York : _bMcGraw-Hill, _cc1981. |
||
| 300 |
_axxxi, 622 p. : _bill. ; _c25 cm. |
||
| 504 | _aIncludes bibliographies and index. | ||
| 650 | 0 |
_aComputers and civilization. _9182192 |
|
| 700 | 1 |
_aFry, Robert A. _9182194 |
|
| 942 |
_2ddc _cBK |
||
| 999 |
_c61050 _d61050 |
||